000 00518nmm a2200181Ia 4500
008 251105s9999||||xx |||||||||||||||||und||
020 _a9789876990196
041 _aspa
100 _aGuillot, Liliana
245 0 _aNarrativas en progreso
264 _a[Buenos Aires, Argentina] :
_bEduvim,
_c2012
300 _a138 páginas
650 _aMedia Studies (Journ., TV, etc)
700 _aGuillot, Liliana
700 1 _a Siragusa, Cristina
856 _uhttps://public.digitaliapublishing.com/a/30565
942 _cCF
999 _c66573
_d66573